00702nai a2200181Ia 4500003000900000008004100009022002200050022002300072040001600095245004600111260008600157310001400243362002500257521006900282650004700351650002900398856009300427IN-BaIIA211028c9999 xx s 000 0 eng d a1943-0663 (Print) a1943-0671 (Online) cIIA Library 0aIEEE Embedded Systems Lettersh[eJournal] aNew York, USAbThe Institute of Electrical and Electronics Engineers, Inc. (IEEE) aQuarterly a1(1); 2009 - Present bSubscribed through National Knowledge Resource Consortium (NKRC) a Components, Circuits, Devices and Systems aComputing and Processing uhttps://ieeexplore.ieee.org/servlet/opac?punumber=4563995yClick Here to Access eJournal